[Event "GER-chT U16"]
[Site "Naumburg"]
[Date "2010.12.30"]
[Round "7.4"]
[White "Meichsner, Marwin"]
[Black "Wild, Michael"]
[Result "1-0"]
[WhiteElo "1349"]
[BlackElo "1200"]
[PlyCount "63"]
[EventDate "2010.12.27"]
[EventType "team-swiss"]
[EventRounds "7"]
[EventCountry "GER"]
[SourceTitle "CBM 140 Extra"]
[Source "ChessBase"]
[SourceDate "2011.03.01"]
[SourceVersion "1"]
[SourceVersionDate "2011.03.01"]
[SourceQuality "1"]
[WhiteTeam "Erfurt SK"]
[BlackTeam "Lappersdorf"]
[WhiteTeamCountry "GER"]
[BlackTeamCountry "GER"]

1. d4 d5 2. c4 e6 3. Nc3 Nf6 4. cxd5 exd5 5. Bg5 Bb4 6. Nf3 Nc6 7. e3 0-0 8. Bd3 Bg4 9. 0-0 Re8 10. a3 Bxc3 11. bxc3 Qd6 12. Bxf6 Qxf6 13. Be2 Re4 14. Nd2 Bxe2 15. Nxe4 Bxd1 16. Nxf6+ gxf6 17. Rfxd1 Ne7 18. Rab1 b6 19. Rdc1 Rc8 20. c4 Kg7 21. cxd5 Nxd5 22. Rc2 f5 23. Rbc1 Kg6 24. Kf1 a5 25. Rc6+ Kg7 26. Ke2 b5 27. R1c5 Nf6 28. Rxc7 Rxc7 29. Rxc7 b4 30. axb4 axb4 31. Rb7 Nd5 32. Kd3 1-0